Online katalóg knižníc regiónu Turca

Superchalan a ďalšie dobrodružstvá (Record no. 21251)

MARC details
000 -LEADER
fixed length control field 01584cam a2200433 a 4500
001 - CONTROL NUMBER
control field 21251
003 - CONTROL NUMBER IDENTIFIER
control field VRT
005 - DATE AND TIME OF LATEST TRANSACTION
control field 20260225151151.0
008 - FIXED-LENGTH DATA ELEMENTS--GENERAL INFORMATION
fixed length control field 240318s2017 xr a b 000 j slo
015 ## - NATIONAL BIBLIOGRAPHY NUMBER
National bibliography number SNBZSA2018/02
020 ## - INTERNATIONAL STANDARD BOOK NUMBER
International Standard Book Number 9788088036944
Qualifying information (viazané)
035 ## - SYSTEM CONTROL NUMBER
System control number urn:nbn:sk:snk-am00d10w
035 ## - SYSTEM CONTROL NUMBER
System control number urn:nbn:sk:snk-am3hi0k
035 ## - SYSTEM CONTROL NUMBER
System control number B59ABDD8-CC7E-4905-88AB-E760DB19DE07
039 #9 - LEVEL OF BIBLIOGRAPHIC CONTROL AND CODING DETAIL [OBSOLETE]
Level of rules in bibliographic description 202403182142
Level of effort used to assign nonsubject heading access points VLOAD
Level of effort used to assign subject headings 202001041159
Level of effort used to assign classification VLOAD
Level of effort used to assign subject headings 201802261108
Level of effort used to assign classification msnk131
Level of effort used to assign subject headings 201801291123
Level of effort used to assign classification msnk11
040 ## - CATALOGING SOURCE
Original cataloging agency SLLK
Language of cataloging slo
Transcribing agency SLLK
Modifying agency SNK
Description conventions AACR2
041 1# - LANGUAGE CODE
Language code of text/sound track or separate title slo
Language code of original eng
044 ## - COUNTRY OF PUBLISHING/PRODUCING ENTITY CODE
MARC country code xr
ISO country code CZ
072 #7 - SUBJECT CATEGORY CODE
Subject category code 821.111-3
Subject category code subdivision Anglická próza, anglicky písaná
Source konspekt
072 #7 - SUBJECT CATEGORY CODE
Subject category code 821-93
Subject category code subdivision Literatúra pre deti a mládež (beletria)
Source konspekt
080 ## - UNIVERSAL DECIMAL CLASSIFICATION NUMBER
Universal Decimal Classification number 821.111-32
Edition identifier 2011
080 ## - UNIVERSAL DECIMAL CLASSIFICATION NUMBER
Universal Decimal Classification number 82-93-053.2
Edition identifier 2011
100 1# - MAIN ENTRY--PERSONAL NAME
Personal name Howarth, Daniel
Relationship aut
240 10 - UNIFORM TITLE
Uniform title My first treasury of awesome stories
Language of a work Slovensky
245 10 - TITLE STATEMENT
Title Superchalan a ďalšie dobrodružstvá
Statement of responsibility, etc. [text: Lucia Bukovanová ; ilustrácie: Daniel Howarth, Richard Watson, Maurizia Rubino]
260 ## - PUBLICATION, DISTRIBUTION, ETC.
Place of publication, distribution, etc. Ostrava
Name of publisher, distributor, etc. Bookmedia
Date of publication, distribution, etc. 2017
300 ## - PHYSICAL DESCRIPTION
Extent 96 s.
Other physical details fareb. ilustr.
Dimensions 26 cm
655 #7 - INDEX TERM--GENRE/FORM
Genre/form data or focus term anglické príbehy
Source of term SNKPH
655 #7 - INDEX TERM--GENRE/FORM
Genre/form data or focus term publikácie pre deti
Source of term SNKPH
655 #7 - INDEX TERM--GENRE/FORM
Genre/form data or focus term English stories
Source of term SNKPHeng
655 #7 - INDEX TERM--GENRE/FORM
Genre/form data or focus term Children's literature
Source of term SNKPHeng
700 1# - ADDED ENTRY--PERSONAL NAME
Personal name Watson, Richard
Relationship ill
700 1# - ADDED ENTRY--PERSONAL NAME
Personal name Rubino, Maurizia
Relationship ill
700 1# - ADDED ENTRY--PERSONAL NAME
Personal name Bukovanová, Lucia
Relationship aut
910 ## - USER-OPTION DATA (OCLC)
User-option data sllk
910 ## - USER-OPTION DATA (OCLC)
User-option data snk
942 ## - ADDED ENTRY ELEMENTS (KOHA)
Source of classification or shelving scheme Dewey Decimal Classification
Koha item type Krásna literatúra pre deti
Suppress in OPAC No
949 ## - LOCAL PROCESSING INFORMATION (OCLC)
6 17A1308346
a snkSB 92450
b snk2018/2476
o Pemic83-ah/16Int. č. fa - 81/2017
s 6100:20180313
Holdings
Stav vyradenia Strata Poškodenie Spôsob nadobudnutia Domovská knižnica Aktuálna knižnica Dátum nadobudnutia Total checkouts Čiarový kód exemplára Date last seen Typ exemplára
      Dar Obecná knižnica Turčianska Štiavnička Obecná knižnica Turčianska Štiavnička 25.02.2026   4738000028 25.02.2026 Krásna literatúra pre deti
Projekt je podporený Slovenskou asociáciou knižníc
Prevádzkuje Turčianska knižnica Martin 2026